[Event "DBMM 2015 (XV.)"]
[Site "München"]
[Date "2015.10.25"]
[Round "7.1"]
[White "Choinowski, Gustav"]
[Black "Karthaus, Carsten"]
[Result "1-0"]
[WhiteElo "2064"]
[BlackElo "1925"]
[PlyCount "38"]
[EventDate "2015.10.22"]
[EventRounds "7"]
[EventCountry "GER"]
[WhiteTeam "SV Rapid Unilever Hamburg 1"]
[BlackTeam "SG Stern Stuttgart 1"]

1. d4 d5 2. c4 c6 3. e3 Nf6 4. Nc3 e6 5. Nf3 Bd6 6. Bd3 O-O 7. O-O Nbd7 8. b3
e5 9. cxd5 cxd5 10. Nb5 Bb8 11. dxe5 Nxe5 12. Bb2 Bg4 13. Be2 Re8 14. Nxe5 Bxe2
15. Qxe2 Bxe5 16. Rac1 a6 17. Bxe5 Rxe5 18. Nd4 Ne4 19. Qc2 b5 1-0

[Event "DBMM 2015 (XV.)"]
[Site "München"]
[Date "2015.10.25"]
[Round "7.2"]
[White "Wepfer, Bernd"]
[Black "Neander, Swen"]
[Result "1/2-1/2"]
[WhiteElo "1888"]
[BlackElo "2001"]
[PlyCount "20"]
[EventDate "2015.10.22"]
[EventRounds "7"]
[EventCountry "GER"]
[WhiteTeam "SG Stern Stuttgart 1"]
[BlackTeam "SV Rapid Unilever Hamburg 1"]

1. Nf3 d5 2. g3 Nf6 3. Bg2 c6 4. O-O Bf5 5. d3 h6 6. Nbd2 e6 7. b3 Be7 8. Bb2
O-O 9. c4 a5 10. a3 Bh7 1/2-1/2

[Event "DBMM 2015 (XV.)"]
[Site "München"]
[Date "2015.10.25"]
[Round "7.3"]
[White "Ristic, Sreten"]
[Black "Bangert, Udo"]
[Result "1-0"]
[WhiteElo "1901"]
[BlackElo "1904"]
[PlyCount "166"]
[EventDate "2015.10.22"]
[EventRounds "7"]
[EventCountry "GER"]
[WhiteTeam "SV Rapid Unilever Hamburg 1"]
[BlackTeam "SG Stern Stuttgart 1"]

1. e4 e5 2. Nc3 Nc6 3. f4 exf4 4. Nf3 Be7 5. h4 d6 6. d4 a6 7. Bxf4 Bg4 8. Bc4
Bxf3 9. Qxf3 Bxh4+ 10. g3 Nxd4 11. Qf2 Bf6 12. Nd5 Nc6 13. O-O-O Be5 14. Kb1
Nf6 15. Qe3 Ng4 16. Qf3 Qd7 17. a3 O-O-O 18. c3 f5 19. exf5 Qxf5+ 20. Bd3 Qd7
21. Rh5 g6 22. Rhh1 Rdf8 23. Qe2 Nb8 24. b4 Bxf4 25. gxf4 Nf6 26. Qf3 Nxd5 27.
Qxd5 Nc6 28. Rhf1 Ne7 29. Qf3 Qc6 30. Be4 d5 31. Bd3 Kb8 32. Kb2 Qf6 33. Bc2 c6
34. a4 Nf5 35. Qf2 Re8 36. Rd3 Re7 37. b5 cxb5 38. axb5 Rhe8 39. Qc5 Qd6 40.
Rxd5 Qxc5 41. Rxc5 Ne3 42. Ra1 Nxc2 43. Kxc2 axb5 44. Rxb5 Rf7 45. Ra4 Ref8 46.
Rab4 h5 47. Kd3 Rh8 48. Ke4 h4 49. Rb2 h3 50. Rh2 Rh4 51. Ke3 Rfxf4 52. Rg5 Rf6
53. Rg3 Rc6 54. Kd2 Kc7 55. Kc2 Kb6 56. Kb3 Rh5 57. c4 Rh4 58. Rhxh3 Rxh3 59.
Rxh3 g5 60. Kc3 g4 61. Rg3 Rg6 62. Kd4 Kc6 63. Kd3 Kc5 64. Kc3 b6 65. Kd3 Rd6+
66. Ke2 Rd4 67. Rg1 Rxc4 68. Rh1 b5 69. Rh8 Kb4 70. Rg8 Kc3 71. Kd1 b4 72. Kc1
Kb3+ 73. Kb1 Rf4 74. Kc1 Rf1+ 75. Kd2 Rg1 76. Ke2 g3 77. Kf3 Kb2 78. Rb8 b3 79.
Rb7 Ka2 80. Ra7+ Kb1 81. Ra8 b2 82. Rh8 Ka2 83. Ra8+ Kb3 1-0

[Event "DBMM 2015 (XV.)"]
[Site "München"]
[Date "2015.10.25"]
[Round "7.4"]
[White "Pillath, Marcus"]
[Black "Amini, Mahmood"]
[Result "0-1"]
[WhiteElo "1631"]
[BlackElo "1699"]
[PlyCount "74"]
[EventDate "2015.10.22"]
[EventRounds "7"]
[EventCountry "GER"]
[WhiteTeam "SG Stern Stuttgart 1"]
[BlackTeam "SV Rapid Unilever Hamburg 1"]

1. Nf3 d5 2. d4 Nf6 3. Bf4 Nc6 4. Nbd2 Bg4 5. c3 e6 6. Qb3 Na5 7. Qd1 Bd6 8.
Bxd6 Qxd6 9. h3 Bxf3 10. Nxf3 Ne4 11. e3 O-O 12. Bd3 f5 13. O-O a6 14. Qc2 b5
15. a3 Nc4 16. Rab1 Rf6 17. Nh2 Ncd2 18. Nf3 Nxb1 19. Rxb1 Raf8 20. Ne5 c5 21.
Rf1 c4 22. Be2 g5 23. Bf3 Re8 24. Bh5 Re7 25. Bf3 Rg7 26. Kh1 Rh6 27. Bxe4 dxe4
28. f3 exf3 29. Rxf3 g4 30. Rg3 Qd5 31. Kg1 gxh3 32. Rxg7+ Kxg7 33. gxh3 Rxh3
34. Qg2+ Qxg2+ 35. Kxg2 Rxe3 36. Nc6 Re2+ 37. Kf3 Rxb2 0-1

[Event "DBMM 2015 (XV.)"]
[Site "München"]
[Date "2015.10.25"]
[Round "7.1"]
[White "Baudrexel, Peter"]
[Black "Kolb, Wolfgang"]
[Result "0-1"]
[WhiteElo "1841"]
[BlackElo "2058"]
[PlyCount "80"]
[EventDate "2015.10.22"]
[EventType "team-swiss"]
[EventRounds "7"]
[EventCountry "GER"]
[WhiteTeam "ADAC München 2"]
[BlackTeam "SV Osram Augsburg 2"]

1. f4 d5 2. Nf3 Nf6 3. g3 c5 4. Bg2 Nc6 5. O-O e6 6. d3 Be7 7. Nc3 O-O 8. h3 b6
9. a3 Bb7 10. Qe1 a6 11. Bd2 Rc8 12. Rc1 Qc7 13. e4 dxe4 14. dxe4 Rfd8 15. g4
Nd4 16. e5 Nxf3+ 17. Bxf3 Nd5 18. Nxd5 Bxd5 19. Bxd5 Rxd5 20. Bc3 c4 21. Qe2
Rcd8 22. f5 Bc5+ 23. Kh1 exf5 24. Qxc4 Qc6 25. Qf4 Rxe5+ 26. Qf3 Qxf3+ 27. Rxf3
Re3 28. Rxf5 Rxh3+ 29. Kg2 Re3 30. Rcf1 Rd7 31. Be1 Re2+ 32. Kh1 Rd1 33. Bc3
Rxf1+ 34. Rxf1 Rxc2 35. Rd1 h6 36. Rd8+ Kh7 37. Rd7 Kg6 38. Be5 f6 39. Bc3 Bxa3
40. Ra7 Bxb2 0-1

[Event "DBMM 2015 (XV.)"]
[Site "München"]
[Date "2015.10.25"]
[Round "7.2"]
[White "Zunic, Josef"]
[Black "Weidl, Robert"]
[Result "1/2-1/2"]
[WhiteElo "1757"]
[BlackElo "1875"]
[PlyCount "27"]
[EventDate "2015.10.22"]
[EventRounds "7"]
[EventCountry "GER"]
[WhiteTeam "SV Osram Augsburg 2"]
[BlackTeam "ADAC München 2"]

1. e4 c5 2. Nc3 Nc6 3. Bc4 e6 4. a3 Nf6 5. d3 Be7 6. Nge2 O-O 7. O-O a6 8. Ba2
b5 9. Ng3 d6 10. f4 Bd7 11. f5 Nd4 12. fxe6 Bxe6 13. Bxe6 fxe6 14. Be3 1/2-1/2

[Event "DBMM 2015 (XV.)"]
[Site "München"]
[Date "2015.10.25"]
[Round "7.3"]
[White "Obermeier, Karlheinz"]
[Black "Roser, Ludwig"]
[Result "0-1"]
[WhiteElo "1522"]
[BlackElo "1776"]
[PlyCount "146"]
[EventDate "2015.10.22"]
[EventRounds "7"]
[EventCountry "GER"]
[WhiteTeam "ADAC München 2"]
[BlackTeam "SV Osram Augsburg 2"]

1. d4 d6 2. c4 e5 3. e3 exd4 4. exd4 g6 5. Nf3 Bg7 6. Be2 Ne7 7. O-O O-O 8. Bg5
c5 9. Nc3 f6 10. Be3 Nf5 11. Qd2 Nxe3 12. fxe3 Nc6 13. d5 Ne5 14. Nxe5 fxe5 15.
Rxf8+ Qxf8 16. Rf1 Qe7 17. e4 Bd7 18. Qe3 Rf8 19. Rxf8+ Qxf8 20. b3 Bh6 21. Qf3
Qxf3 22. Bxf3 Be3+ 23. Kf1 a6 24. a4 Bd2 25. Nd1 b5 26. axb5 axb5 27. Ke2 Bf4
28. h3 bxc4 29. bxc4 Kf7 30. Kd3 Kf6 31. Nc3 Ke7 32. Bd1 Bc8 33. Ba4 Bh6 34.
Bd1 Kf6 35. Ke2 Kg5 36. Kf3 Kh4 37. Ne2 g5 38. Kf2 g4 39. hxg4 Bxg4 40. g3+ Kg5
41. Nc3 Bc8 42. Nb5 Bf8 43. Nc3 h5 44. Kg2 Be7 45. Kf2 h4 46. gxh4+ Kxh4 47.
Ke3 Kg3 48. Ne2+ Kg2 49. Nc3 Bg5+ 50. Kd3 Kf2 51. Nb5 Be7 52. Nc3 Bh3 53. Bh5
Bf1+ 54. Be2 Bg2 55. Bh5 Ke1 56. Bg4 Bg5 57. Nb5 Bf1+ 58. Kc3 Be7 59. Bh5 Bg2
60. Kd3 Bf1+ 61. Kc3 Kf2 62. Bg4 Ke3 63. Bf5 Bd3 64. Na3 Bxe4 65. Bxe4 Kxe4 66.
Nb1 Ke3 67. Nd2 Bh4 68. Nf1+ Ke2 69. Nh2 e4 70. Ng4 Kf3 71. Nh6 e3 72. Nf5 Bf6+
73. Kd3 e2 0-1

[Event "DBMM 2015 (XV.)"]
[Site "München"]
[Date "2015.10.25"]
[Round "7.1"]
[White "FM Koscielski, Janusz"]
[Black "Daurer, Walter"]
[Result "1-0"]
[WhiteElo "2376"]
[BlackElo "2007"]
[PlyCount "89"]
[EventDate "2015.10.22"]
[EventRounds "7"]
[EventCountry "GER"]
[WhiteTeam "EKJ Herne und Wanne-Eickel 1"]
[BlackTeam "Bayerische Landesbank 2"]

1. e4 c5 2. Nf3 Nc6 3. d4 cxd4 4. Nxd4 e5 5. Nb5 d6 6. Bc4 Nf6 7. Bg5 Be7 8.
Bxf6 gxf6 9. O-O O-O 10. a4 f5 11. N1c3 a6 12. Na3 Nb4 13. Nd5 Nxd5 14. Bxd5
Rb8 15. Nc4 b6 16. Qh5 f4 17. g3 Kg7 18. gxf4 exf4 19. Kh1 Bf6 20. Rg1+ Kh8 21.
e5 Bxe5 22. Nxe5 dxe5 23. Qxe5+ f6 24. Qd4 Bb7 25. Rad1 Bxd5+ 26. Qxd5 Qxd5+
27. Rxd5 b5 28. axb5 axb5 29. Rd7 Rbd8 30. Rgg7 Rxd7 31. Rxd7 Re8 32. Kg2 Re4
33. Kf3 Rc4 34. c3 b4 35. Rd4 Rc5 36. Rxb4 Rh5 37. Rxf4 Rxh2 38. Rxf6 Rh1 39.
Rf7 Kg8 40. Rc7 Rg1 41. b4 h5 42. Rc4 Kg7 43. b5 Kg6 44. b6 Rd1 45. b7 1-0

[Event "DBMM 2015 (XV.)"]
[Site "München"]
[Date "2015.10.25"]
[Round "7.2"]
[White "Reichardt, Peter"]
[Black "WFM Leveikina, Jevgenija"]
[Result "1/2-1/2"]
[WhiteElo "1941"]
[BlackElo "2137"]
[PlyCount "27"]
[EventDate "2015.10.22"]
[EventRounds "7"]
[EventCountry "GER"]
[WhiteTeam "Bayerische Landesbank 2"]
[BlackTeam "EKJ Herne und Wanne-Eickel 1"]

1. e4 c6 2. d4 d5 3. Nd2 dxe4 4. Nxe4 Nf6 5. Nxf6+ exf6 6. c3 Bd6 7. Bd3 O-O 8.
Qc2 Kh8 9. Ne2 Qc7 10. Be3 Be6 11. a3 a5 12. h3 Nd7 13. c4 Qd8 14. O-O 1/2-1/2

[Event "DBMM 2015 (XV.)"]
[Site "München"]
[Date "2015.10.25"]
[Round "7.3"]
[White "Selmanaj, Agim"]
[Black "Wolf, Martin"]
[Result "1-0"]
[WhiteElo "1599"]
[BlackElo "1982"]
[PlyCount "103"]
[EventDate "2015.10.22"]
[EventRounds "7"]
[EventCountry "GER"]
[WhiteTeam "EKJ Herne und Wanne-Eickel 1"]
[BlackTeam "Bayerische Landesbank 2"]

1. Nf3 d5 2. g3 Bf5 3. d3 Nf6 4. Bg2 c6 5. O-O Nbd7 6. Nbd2 e5 7. Re1 Be7 8.
Nh4 Be6 9. Nhf3 O-O 10. e4 dxe4 11. Nxe4 Nxe4 12. Rxe4 Bd5 13. Re1 Bf6 14. Nd2
Bxg2 15. Kxg2 g6 16. Ne4 Bg7 17. h4 Qc7 18. h5 Rae8 19. hxg6 hxg6 20. Rh1 f5
21. Ng5 Nf6 22. c3 c5 23. Qb3+ Rf7 24. Qxf7+ Qxf7 25. Nxf7 Kxf7 26. Bg5 Rd8 27.
Rad1 Rd7 28. Bxf6 Kxf6 29. f4 exf4 30. gxf4 Kf7 31. Kf3 b6 32. Rh2 b5 33. Rhd2
a5 34. d4 c4 35. d5 Rd6 36. a3 Bf6 37. Re1 Bd8 38. Re6 Rd7 39. Rc6 Bc7 40. Rc5
b4 41. Rxc4 bxc3 42. bxc3 Bd8 43. Rc6 Rb7 44. a4 Rb3 45. Re2 Ra3 46. Ree6 g5
47. fxg5 Bxg5 48. Re5 Bd2 49. Rxf5+ Ke7 50. Rh5 Bxc3 51. Rh7+ Kd8 52. Ra6 1-0

[Event "DBMM 2015 (XV.)"]
[Site "München"]
[Date "2015.10.25"]
[Round "7.4"]
[White "Meier, Wolfgang"]
[Black "Rhein, Volker"]
[Result "1-0"]
[WhiteElo "1971"]
[BlackElo "1300"]
[PlyCount "63"]
[EventDate "2015.10.22"]
[EventRounds "7"]
[EventCountry "GER"]
[WhiteTeam "Bayerische Landesbank 2"]
[BlackTeam "EKJ Herne und Wanne-Eickel 1"]

1. e4 c5 2. c3 g6 3. d4 cxd4 4. cxd4 d6 5. Nf3 Bg7 6. Bc4 Nc6 7. O-O Nf6 8. e5
dxe5 9. dxe5 Qxd1 10. Rxd1 Ng4 11. e6 Bxe6 12. Bxe6 fxe6 13. Re1 e5 14. Nc3 O-O
15. Ne4 Nd4 16. Nxd4 exd4 17. h3 Nf6 18. Nc5 b6 19. Ne6 Rfe8 20. Nc7 Rac8 21.
Nxe8 Rxe8 22. Bf4 Nd5 23. Be5 Nb4 24. Bxg7 Kxg7 25. Rad1 d3 26. a3 Nc2 27. Re4
Rd8 28. Rxe7+ Kf6 29. Rxa7 d2 30. Rc7 Na1 31. Rc3 Ke5 32. Kf1 1-0

[Event "DBMM 2015 (XV.)"]
[Site "München"]
[Date "2015.10.25"]
[Round "7.1"]
[White "Blum, Norbert"]
[Black "Hiltner, Karlpeter Dr"]
[Result "1-0"]
[WhiteElo "2027"]
[BlackElo "1805"]
[PlyCount "113"]
[EventDate "2015.10.22"]
[EventRounds "7"]
[EventCountry "GER"]
[WhiteTeam "SV Spark.Vers. Stuttgart 1"]
[BlackTeam "Europäisches Patentamt Mü. 4"]

1. e4 e6 2. d4 d5 3. Nc3 Bb4 4. a3 Bxc3+ 5. bxc3 Ne7 6. exd5 exd5 7. Qf3 O-O 8.
Bd3 Nd7 9. Ne2 f5 10. O-O c6 11. Qg3 Nf6 12. f3 Kh8 13. Nf4 Rf7 14. Re1 Bd7 15.
Bd2 Qg8 16. h4 g6 17. Ne6 Qc8 18. Ng5 Rg7 19. Qd6 Neg8 20. Bf4 Qf8 21. Qc7 Bc8
22. Qe5 Re7 23. Qd6 Rxe1+ 24. Rxe1 Qxd6 25. Nf7+ Kg7 26. Nxd6 b5 27. Kf2 Kf8
28. Re3 Bd7 29. Ke1 Nh5 30. Be5 f4 31. Re2 Ne7 32. Kd2 h6 33. Nb7 Kf7 34. Bd6
Ng8 35. Bc5 Ng3 36. Re5 a5 37. a4 Bf5 38. axb5 Bxd3 39. Kxd3 cxb5 40. Nd6+ Kg7
41. Rxd5 b4 42. cxb4 a4 43. Re5 a3 44. Re1 a2 45. Ra1 Kf6 46. b5 Ne7 47. Ne4+
Ke6 48. Nxg3 fxg3 49. Bxe7 Kxe7 50. c4 Ra3+ 51. Ke4 Ke6 52. Kf4 Rd3 53. d5+ Kd6
54. Rxa2 Rd4+ 55. Kxg3 Rxc4 56. Ra6+ Kxd5 57. Rxg6 1-0

[Event "DBMM 2015 (XV.)"]
[Site "München"]
[Date "2015.10.25"]
[Round "7.3"]
[White "Lau, Peter"]
[Black "Achermann, Didier"]
[Result "0-1"]
[WhiteElo "1820"]
[BlackElo "1724"]
[PlyCount "74"]
[EventDate "2015.10.22"]
[EventRounds "7"]
[EventCountry "GER"]
[WhiteTeam "SV Spark.Vers. Stuttgart 1"]
[BlackTeam "Europäisches Patentamt Mü. 4"]

1. e4 c5 2. Nc3 d6 3. g3 Nf6 4. Bg2 Bd7 5. f4 Bc6 6. d3 e6 7. Nf3 Nbd7 8. O-O
Qc7 9. Bd2 Be7 10. h3 O-O 11. g4 b5 12. a3 a5 13. Ne2 e5 14. Ng3 g6 15. g5 Ne8
16. f5 d5 17. f6 Bd6 18. exd5 Bxd5 19. Ne4 Qb7 20. Qe1 Bc7 21. Nh2 h5 22. gxh6
Kh7 23. Qh4 Ra6 24. Ng4 c4 25. Ne3 Bb6 26. Kh1 Bxe3 27. Bxe3 cxd3 28. cxd3
Ndxf6 29. Rxf6 Rxf6 30. Qxf6 Nxf6 31. Nxf6+ Kh8 32. Bxd5 Qe7 33. Rf1 Rc8 34.
Be4 Rc2 35. Nd5 Qh4 36. Rf3 Qe1+ 37. Bg1 Rc1 0-1

[Event "DBMM 2015 (XV.)"]
[Site "München"]
[Date "2015.10.25"]
[Round "7.1"]
[White "Gebert Vangeel, Ralf"]
[Black "Brendemuehl, Bernd"]
[Result "1/2-1/2"]
[WhiteElo "2041"]
[BlackElo "1858"]
[PlyCount "65"]
[EventDate "2015.10.??"]
[EventType "swiss"]
[EventRounds "7"]
[EventCountry "GER"]
[SourceDate "2015.10.22"]
[WhiteTeam "SV Osram Berlin"]
[BlackTeam "EPA Muenchen III"]
[WhiteTeamCountry "GER"]
[BlackTeamCountry "GER"]

1. e4 c5 2. Nf3 d6 3. d4 cxd4 4. Nxd4 Nf6 5. Nc3 g6 6. Be2 Bg7 7. Be3 O-O 8.
Qd2 Nc6 9. f3 Bd7 10. h4 Rc8 11. g4 Ne5 12. h5 Nc4 13. Bxc4 Rxc4 14. O-O-O Qa5
15. Kb1 Rfc8 16. Nb3 Qc7 17. hxg6 hxg6 18. Bd4 Be6 19. g5 Nh5 20. Bxg7 Kxg7 21.
f4 Rxc3 22. Qd4+ Kg8 23. bxc3 Qxc3 24. Qxc3 Rxc3 25. Kb2 Re3 26. Nd2 Nxf4 27.
Rh4 Nh5 28. Nf1 Rf3 29. Rh1 Rf2 30. Rg1 Re2 31. Nd2 Kg7 32. a3 Re3 33. Rge1
1/2-1/2

[Event "DBMM 2015 (XV.)"]
[Site "München"]
[Date "2015.10.25"]
[Round "7.2"]
[White "Bumes, Konrad"]
[Black "Eisermann, Daniel"]
[Result "0-1"]
[WhiteElo "2022"]
[BlackElo "1959"]
[PlyCount "106"]
[EventDate "2015.10.??"]
[EventType "swiss"]
[EventRounds "7"]
[EventCountry "GER"]
[SourceDate "2015.10.22"]
[WhiteTeam "EPA Muenchen III"]
[BlackTeam "SV Osram Berlin"]
[WhiteTeamCountry "GER"]
[BlackTeamCountry "GER"]

1. d4 d5 2. c4 c6 3. Nc3 e5 4. dxe5 d4 5. Ne4 Qa5+ 6. Bd2 Qxe5 7. Ng3 Nf6 8.
Nf3 Qd6 9. Qc2 c5 10. Rd1 Nc6 11. e3 Bg4 12. Ne4 Qe7 13. Nxf6+ gxf6 14. Bd3 Ne5
15. Be4 Nxc4 16. Bxb7 Qxb7 17. Qa4+ Qd7 18. Qxc4 Be7 19. exd4 cxd4 20. Qxd4
Qxd4 21. Nxd4 Bxd1 22. Kxd1 O-O 23. Bc3 Rfd8 24. Ke2 Re8 25. Kf3 Bd6 26. Nf5
Be5 27. Nh6+ Kg7 28. Bd2 Bxb2 29. Rb1 Rab8 30. Bf4 Be5 31. Rxb8 Rxb8 32. Nf5+
Kf8 33. Be3 a5 34. Bc5+ Ke8 35. Ne3 Rb5 36. Ba3 Bb2 37. Bd6 Be5 38. Ba3 Kd7 39.
Nc4 Ke6 40. Ke4 Rd5 41. Ke3 Rd4 42. Nxe5 fxe5 43. Bb2 Rd1 44. Bc3 a4 45. a3 f5
46. Bd2 Kd5 47. Kd3 Rb1 48. Kc2 Rb3 49. Bc1 h5 50. h3 e4 51. h4 Kc4 52. Kd2 Rb1
53. g3 Kb3 0-1

[Event "DBMM 2015 (XV.)"]
[Site "München"]
[Date "2015.10.25"]
[Round "7.4"]
[White "Santos, Paulo J"]
[Black "Riess, Bernhard"]
[Result "1/2-1/2"]
[WhiteElo "1833"]
[BlackElo "1574"]
[PlyCount "26"]
[EventDate "2015.10.??"]
[EventType "swiss"]
[EventRounds "7"]
[EventCountry "GER"]
[SourceDate "2015.10.22"]
[WhiteTeam "EPA Muenchen III"]
[BlackTeam "SV Osram Berlin"]
[WhiteTeamCountry "GER"]
[BlackTeamCountry "GER"]

1. e4 c6 2. d4 d5 3. e5 Bf5 4. c3 e6 5. Nf3 Nd7 6. Be2 c5 7. O-O Rc8 8. Bg5 Qb6
9. Qd2 Be7 10. Bxe7 Nxe7 11. Na3 a6 12. Nh4 O-O 13. Nxf5 Nxf5 1/2-1/2

[Event "DBMM 2015 (XV.)"]
[Site "München"]
[Date "2015.10.25"]
[Round "7.1"]
[White "Urban, Ralf-Dieter"]
[Black "Bender, Gerhard"]
[Result "0-1"]
[WhiteElo "2063"]
[BlackElo "2017"]
[PlyCount "52"]
[EventDate "2015.10.22"]
[EventRounds "7"]
[EventCountry "GER"]
[WhiteTeam "Transit Hühnerposten Hamburg 1"]
[BlackTeam "Deutsches Patent- und Markenamt"]

1. e4 e6 2. d4 d5 3. Nd2 Nc6 4. Ngf3 Nf6 5. e5 Ne4 6. c3 f5 7. exf6 Nxf6 8. Bd3
Bd6 9. Qe2 O-O 10. Ne5 Qe8 11. Ndf3 Qh5 12. Bd2 Ng4 13. Bxh7+ Qxh7 14. Nxg4 Bd7
15. Nge5 Nxe5 16. dxe5 Be7 17. O-O a6 18. Bg5 Rxf3 19. Qxf3 Bxg5 20. Qg4 Be7
21. Rfe1 Rf8 22. b4 Qc2 23. Qd4 b6 24. Rec1 Qf5 25. a3 c5 26. Qd2 Bg5 0-1

[Event "DBMM 2015 (XV.)"]
[Site "München"]
[Date "2015.10.25"]
[Round "7.3"]
[White "Bohn, Christoph"]
[Black "Richter, Otto"]
[Result "1-0"]
[WhiteElo "1920"]
[BlackElo "1800"]
[PlyCount "84"]
[EventDate "2015.10.22"]
[EventType "team-swiss"]
[EventRounds "7"]
[EventCountry "GER"]
[WhiteTeam "Transit Hühnerposten Hamburg 1"]
[BlackTeam "Deutsches Patent- und Markenamt"]

1. c4 e6 2. e4 d6 3. Nf3 c5 4. d4 cxd4 5. Nxd4 Nf6 6. Nc3 a6 7. Be2 Be7 8. O-O
O-O 9. h4 Bd7 10. h5 h6 11. Be3 Nc6 12. Qd2 Nxd4 13. Bxd4 Qc7 14. Rfd1 Bc6 15.
Qe3 Nd7 16. Qg3 e5 17. Be3 Kh7 18. Nd5 Qd8 19. Bg4 Bxd5 20. Bf5+ Kh8 21. exd5
Nf6 22. Qh3 Qc7 23. Rac1 b6 24. g4 Ng8 25. f4 exf4 26. Bxf4 Bf6 27. b4 Qd8 28.
Qg3 Be7 29. c5 bxc5 30. bxc5 dxc5 31. Bc7 Bh4 32. Bxd8 Bxg3 33. Bb6 Bd6 34.
Bxc5 Bxc5+ 35. Rxc5 Rfd8 36. Rc7 Nf6 37. d6 Kg8 38. d7 Kf8 39. Rc8 Ke7 40. Re1+
Kf8 41. Kg2 Nd5 42. Re8+ Rxe8 1-0

[Event "DBMM 2015 (XV.)"]
[Site "München"]
[Date "2015.10.25"]
[Round "7.4"]
[White "Milak, Adela"]
[Black "Leube, Oliver"]
[Result "1/2-1/2"]
[WhiteElo "1658"]
[BlackElo "1928"]
[PlyCount "71"]
[EventDate "2015.10.22"]
[EventRounds "7"]
[EventCountry "GER"]
[WhiteTeam "Deutsches Patent- und Markenamt"]
[BlackTeam "Transit Hühnerposten Hamburg 1"]

1. e4 d5 2. exd5 Qxd5 3. Nc3 Qd8 4. g3 c6 5. Bg2 Nf6 6. Nf3 Bg4 7. d4 e6 8. Qd3
Bxf3 9. Bxf3 Be7 10. O-O O-O 11. Re1 Nbd7 12. a4 Bb4 13. Re2 Nd5 14. Ne4 N7f6
15. c3 Be7 16. Bd2 Nxe4 17. Bxe4 Nf6 18. b4 Nxe4 19. Rxe4 a6 20. Rae1 Bf6 21.
f4 g6 22. g4 Qd7 23. g5 Bg7 24. h4 Rfe8 25. Qh3 Kf8 26. h5 b6 27. hxg6 hxg6 28.
Qh7 Qd5 29. R4e2 Rad8 30. Bc1 Qf3 31. Be3 c5 32. dxc5 Bxc3 33. cxb6 Bxb4 34.
Qh8+ Ke7 35. Qf6+ Kf8 36. Qh8+ 1/2-1/2

[Event "DBMM 2015 (XV.)"]
[Site "München"]
[Date "2015.10.25"]
[Round "7.1"]
[White "Quast, Michael"]
[Black "Schröder, Kai Uwe"]
[Result "1/2-1/2"]
[WhiteElo "1760"]
[BlackElo "1858"]
[PlyCount "32"]
[EventDate "2015.10.22"]
[EventRounds "7"]
[EventCountry "GER"]
[WhiteTeam "Bezirksamt Berlin Tempelhof 2"]
[BlackTeam "Transit Hühnerposten Hamburg 2"]

1. b3 e6 2. Bb2 Nf6 3. e3 d5 4. f4 Be7 5. Nf3 c5 6. Bb5+ Bd7 7. Bxd7+ Qxd7 8.
Ne5 Qc7 9. d3 Nc6 10. Nd2 O-O 11. O-O b5 12. Ndf3 Rad8 13. Nxc6 Qxc6 14. Ne5
Qb6 15. Rf3 c4 16. Rg3 Bc5 1/2-1/2

[Event "DBMM 2015 (XV.)"]
[Site "München"]
[Date "2015.10.25"]
[Round "7.2"]
[White "Figger, Udo"]
[Black "Frahm, Werner"]
[Result "1-0"]
[WhiteElo "1906"]
[BlackElo "1570"]
[PlyCount "53"]
[EventDate "2015.10.22"]
[EventRounds "7"]
[EventCountry "GER"]
[WhiteTeam "Transit Hühnerposten Hamburg 2"]
[BlackTeam "Bezirksamt Berlin Tempelhof 2"]

1. Nc3 b6 2. e4 e6 3. f4 Bb7 4. d4 Bb4 5. e5 Qh4+ 6. g3 Qd8 7. Nf3 Ne7 8. a3
Bxc3+ 9. bxc3 Na6 10. Bg2 h6 11. O-O Rc8 12. a4 c5 13. Ba3 Qc7 14. Rf2 Nd5 15.
Qd3 Nb8 16. a5 Ba6 17. axb6 axb6 18. Qd2 O-O 19. Nh4 Rfd8 20. f5 cxd4 21. cxd4
Qc3 22. Qxc3 Rxc3 23. Bd6 Bb7 24. fxe6 dxe6 25. Ra7 Bc6 26. Raxf7 Nd7 27. Ng6
1-0

[Event "DBMM 2015 (XV.)"]
[Site "München"]
[Date "2015.10.25"]
[Round "7.3"]
[White "Wolf, Wilfried"]
[Black "Basteck, Reiner"]
[Result "1/2-1/2"]
[WhiteElo "1526"]
[BlackElo "1648"]
[PlyCount "49"]
[EventDate "2015.10.22"]
[EventRounds "7"]
[EventCountry "GER"]
[WhiteTeam "Bezirksamt Berlin Tempelhof 2"]
[BlackTeam "Transit Hühnerposten Hamburg 2"]

1. e4 c5 2. Nf3 e6 3. d4 cxd4 4. Nxd4 Nf6 5. f3 Nc6 6. c3 d6 7. Be3 e5 8. Nb3
Be7 9. Bb5 O-O 10. O-O a6 11. Bd3 Be6 12. N1d2 b5 13. Qe2 Qc7 14. Rfd1 Qb7 15.
a3 Rfc8 16. Rdc1 Nd7 17. Rc2 Nc5 18. Nxc5 dxc5 19. b3 Rd8 20. Rb2 Qd7 21. Bc2
Na5 22. b4 Nc4 23. Nxc4 Bxc4 24. Qf2 cxb4 25. cxb4 1/2-1/2

[Event "DBMM 2015 (XV.)"]
[Site "München"]
[Date "2015.10.25"]
[Round "7.3"]
[White "Stamer, Martin"]
[Black "Lindemann, Thomas"]
[Result "1/2-1/2"]
[WhiteElo "1900"]
[BlackElo "1552"]
[PlyCount "48"]
[EventDate "2015.10.22"]
[EventRounds "7"]
[EventCountry "GER"]
[WhiteTeam "SG Deutscher Bundestag Bonn 1"]
[BlackTeam "Baubehörde Hamburg 2"]

1. c4 e5 2. Nc3 f5 3. d4 exd4 4. Qxd4 d6 5. b4 Nc6 6. Qe3+ Be7 7. a3 Nf6 8. f3
O-O 9. Nh3 Nh5 10. f4 Re8 11. Qf3 Nf6 12. e3 Ng4 13. Nf2 Bf6 14. Nfd1 Nd4 15.
Qxg4 fxg4 16. Kd2 Nb3+ 17. Kc2 Nxa1+ 18. Kb2 Bxc3+ 19. Nxc3 Qf6 20. Bd2 Bf5 21.
Kxa1 Rxe3 22. Kb2 Re7 23. Kb3 c6 24. g3 Qd4 1/2-1/2

[Event "DBMM 2015 (XV.)"]
[Site "München"]
[Date "2015.10.25"]
[Round "7.1"]
[White "Piotrowski, Roger"]
[Black "Peck, Malcolm"]
[Result "0-1"]
[WhiteElo "1734"]
[BlackElo "1677"]
[PlyCount "110"]
[EventDate "2015.10.22"]
[EventRounds "7"]
[EventCountry "GER"]
[WhiteTeam "Telestern Berlin 1"]
[BlackTeam "Wüstenrot & Württembergische 1"]

1. d4 d5 2. c4 e6 3. Nf3 Nf6 4. Bf4 Bb4+ 5. Nc3 Ne4 6. Qc2 Nd7 7. cxd5 exd5 8.
e3 O-O 9. Bd3 Re8 10. O-O Bxc3 11. bxc3 c6 12. a4 Nf8 13. h3 g5 14. Bh2 f6 15.
Nd2 Qe7 16. c4 Bf5 17. a5 Rac8 18. c5 h5 19. Bd6 Qd7 20. Bxf8 Kxf8 21. Nxe4
dxe4 22. Be2 Qh7 23. Rfb1 Rc7 24. Qd1 h4 25. Rb2 Be6 26. Rab1 f5 27. a6 Ree7
28. Qa4 Bd5 29. Bc4 g4 30. Bxd5 cxd5 31. axb7 Rxb7 32. c6 Rxb2 33. Rxb2 gxh3
34. Rb8+ Kf7 35. Rb7 Kf6 36. Qa3 Rxb7 37. Qd6+ Kg5 38. Qf4+ Kg6 39. Qd6+ Kh5
40. cxb7 Qxb7 41. Qe5 Qf7 42. gxh3 a6 43. Qh8+ Kg5 44. Qd8+ Kh6 45. Qxh4+ Qh5
46. Qf6+ Qg6+ 47. Qxg6+ Kxg6 48. Kf1 Kh5 49. Ke2 Kh4 50. Kd2 Kxh3 51. Kc3 Kg2
52. Kb4 Kxf2 53. Kc5 Kxe3 54. Kxd5 f4 55. Ke5 f3 0-1

[Event "DBMM 2015 (XV.)"]
[Site "München"]
[Date "2015.10.25"]
[Round "7.3"]
[White "Kleinwächter, Manfred"]
[Black "Uhlarz, Jörg"]
[Result "1-0"]
[WhiteElo "1533"]
[BlackElo "1676"]
[Annotator "Peter"]
[PlyCount "65"]
[EventDate "2015.10.22"]
[EventRounds "7"]
[EventCountry "GER"]
[WhiteTeam "Telestern Berlin 1"]
[BlackTeam "Wüstenrot & Württembergische 1"]

1. e4 e5 2. Nf3 d6 3. d4 Nc6 4. Bb5 Bd7 5. O-O exd4 6. Bxc6 bxc6 7. Qxd4 c5 8.
Qd3 a6 9. Nc3 g6 10. Re1 Bg7 11. Bg5 f6 12. Bd2 Ne7 13. Nd5 Be6 14. c4 Nc6 15.
a3 O-O 16. Bc3 Ne5 17. Nxe5 fxe5 18. Bd2 Rb8 19. Rab1 Rf7 20. Rf1 c6 21. Ne3
Rfb7 22. Bc3 Bf8 23. f4 Rb3 24. fxe5 Qg5 25. exd6 Bg7 26. d7 Bd4 27. Rbe1 Bxd7
28. Kh1 Be6 29. Nc2 Rd8 30. Rd1 Bg4 31. Qg3 Qh5 32. Qc7 Rd7 33. Qc8+ 1-0